| 000 | 00731nam a2200217 u 4500 | ||
|---|---|---|---|
| 005 | 20240815063719.0 | ||
| 008 | 080929s2003 ea r 000 0 spa d | ||
| 020 | _a0746050704 | ||
| 035 | _aUPN01000161248 | ||
| 049 | _aI | ||
| 050 | 4 |
_aQL737 C2.3 _bS4.4 |
|
| 100 | 1 |
_aSheikh-Miller, Jonathan _932186 |
|
| 245 | 1 | 4 |
_aLos felinos / _cJonathan Sheikh-Miller y Stephanie Turnbull ; il. John Woodcock ; tr. Pilar Dunster. |
| 260 |
_a[Estados Unidos] : _bUsborne Publishing, _c2003. |
||
| 300 |
_a47 p. : _bil. col. |
||
| 440 | 0 | _aDescubre y explora | |
| 650 | 4 |
_aFELINOS - _vLITERATURA JUVENIL _912503 |
|
| 650 | 4 |
_aAnimales _xHábitos y comportamiento _91059 |
|
| 700 | 1 |
_aTurnbull, Stephanie, _ecoaut. _936640 |
|
| 905 | _aInfantil | ||
| 999 |
_c133361 _d133361 |
||